000 00658nam a22002057a 4500
999 _c4380
_d4380
003 AR-CdUCM
008 190308b ||||| |||| 00| 0 rus d
040 _aMUNICIPALIDAD PROVINCIAL DEL CUSCO
_cBIBLIOTECA MUNICIPAL DEL CUSCO
082 _a720.947 /
_bB74
100 _aBorisova, Elena Andreevna
_913831
245 _aРусский модерн:
_bАльбом /
260 _aМосква :
_bGutt, yo. А. ,
_c1990
300 _a359 p ;
_c33.5 cm.
650 _aArte Ruso
_913832
650 _aArquitectura Rusa
_913833
650 _aEstetica y Arte Europeo
_913834
700 _aSternin, Grigoriy Yurjevic
_913835
942 _2ddc
_cLIBROS
945 _artm